[Event "POL-chT2"]
[Site "Poronin POL"]
[Date "2016.09.11"]
[Round "9.3"]
[White "Lobejko, Rafal"]
[Black "Jaworski, Miroslaw"]
[Result "1/2-1/2"]
[WhiteElo "2320"]
[BlackElo "2263"]
[EventDate "2016.09.02"]

1.f4 d5 2.Nf3 g6 3.g3 Bg7 4.Bg2 Nf6 5.O-O b6 6.c4 e6 7.Nc3 Bb7 8.Ne5 O-O 
9.d4 Na6 10.Be3 c5 11.Rc1 cxd4 12.Bxd4 Qe7 13.cxd5 exd5 14.Qa4 Rfc8 15.
Rfd1 Ne4 16.Nxd5 Bxd5 17.Qxa6 Rxc1 18.Rxc1 Bb7 19.Qd3 Nc5 20.Qc4 Bxg2 21.
Kxg2 Qb7+ 22.Kg1 Ne6 23.Be3 Bxe5 24.fxe5 Rd8 25.Kf2 Kg7 26.Qh4 Qd5 27.Qf6+
Kg8 28.b3 Qd7 29.Qf3 Rc8 30.Rxc8+ Qxc8 31.Qd5 h5 32.a4 Kg7 33.a5 1/2-1/2

[Event "POL-chT2"]
[Site "Poronin POL"]
[Date "2016.09.11"]
[Round "9.4"]
[White "Wieczorek, Zbigniew"]
[Black "Miroslaw, Michal"]
[Result "1-0"]
[WhiteElo "2305"]
[BlackElo "2312"]
[EventDate "2016.09.02"]

1.g3 d5 2.Bg2 Nf6 3.Nf3 c6 4.d3 Bg4 5.O-O Nbd7 6.Nbd2 e5 7.e4 dxe4 8.dxe4 
Bc5 9.c3 a5 10.Qc2 O-O 11.Nc4 Qc7 12.Ne3 Bxf3 13.Bxf3 Rfd8 14.Nf5 Bf8 15.
Kg2 h6 16.g4 Kh7 17.h4 g6 18.Ng3 Nc5 19.g5 Ng8 20.h5 Ne6 21.hxg6+ fxg6 22.
Rh1 Nf4+ 23.Bxf4 exf4 24.Ne2 Qe5 25.Rh4 Qxg5+ 26.Rg4 Qe5 27.Nxf4 Bd6 28.
Nxg6 Qh2+ 29.Kf1 Bc5 30.e5 Rd3 31.Nf4 1-0

[Event "POL-chT2"]
[Site "Poronin POL"]
[Date "2016.09.11"]
[Round "9.5"]
[White "Praszak, Michal"]
[Black "Obrusnik, Michal"]
[Result "1-0"]
[WhiteElo "2095"]
[BlackElo "2276"]
[EventDate "2016.09.02"]

1.d4 Nf6 2.Nc3 d5 3.Bg5 Nbd7 4.e3 e6 5.Bd3 c5 6.Nf3 Bd6 7.O-O O-O 8.e4 
cxd4 9.Nxd4 Be5 10.Nf3 Bxc3 11.bxc3 dxe4 12.Bxe4 h6 13.Bxf6 Nxf6 14.Bd3 
Qc7 15.c4 b6 16.a4 Nd7 17.a5 Bb7 18.axb6 axb6 19.Qe2 Rxa1 20.Rxa1 Ra8 21.
Rb1 Qc6 22.Qe3 Ra5 23.Kf1 Qc5 24.Qxc5 Rxc5 25.Ke2 Kf8 26.Rb4 Ke7 27.g3 Kd8
28.Nd4 Ba6 29.f4 Rc8 30.Ke3 Kc7 31.Ra4 Nc5 32.Ra1 Rb8 33.Nb3 Nd7 34.Rxa6 
1-0

[Event "POL-chT2"]
[Site "Poronin POL"]
[Date "2016.09.11"]
[Round "9.6"]
[White "Zemlickova, Olena"]
[Black "Toma, Katarzyna"]
[Result "1/2-1/2"]
[WhiteElo "2091"]
[BlackElo "2324"]
[EventDate "2016.09.02"]

1.d4 Nf6 2.Nf3 g6 3.Bf4 Bg7 4.e3 d6 5.h3 c5 6.c3 b6 7.Be2 Bb7 8.O-O O-O 9.
Nbd2 Nbd7 10.a4 Re8 11.Bh2 a6 12.Qb1 Rc8 13.Rd1 Qc7 14.Bd3 cxd4 15.cxd4 
Nd5 16.Rc1 Qb8 17.Bc4 Nb4 18.Ra3 Qa8 19.Rac3 Nf6 20.Bb3 b5 21.Rxc8 Rxc8 
22.Rxc8+ Qxc8 23.axb5 axb5 24.Ng5 Bd5 25.Bxd5 Nfxd5 26.Qa1 h6 27.Ngf3 Nd3 
28.Bg3 g5 29.Qa5 Qc6 30.e4 N5f4 31.Bxf4 Nxf4 32.Kh2 Nd3 33.Qc3 Qxc3 34.
bxc3 Nxf2 35.Kg1 Nd1 36.Nb1 e6 37.Kf1 Ne3+ 38.Kf2 Nc4 39.Ke2 f5 40.exf5 
exf5 41.g4 Kf7 42.Nbd2 Nxd2 43.Nxd2 Ke6 44.Kd3 f4 45.Ke4 d5+ 46.Kd3 Kd6 
47.Nf3 Kc6 48.Ne1 b4 49.cxb4 Kb5 50.Kc3 Bf8 51.Kb3 Bxb4 52.Nf3 Ba5 53.Ne5 
Bb6 54.Kc3 Ka4 55.Nd7 Bd8 56.Ne5 Ba5+ 57.Kd3 Kb3 58.Nc6 Bb4 59.Ne5 Bc3 60.
Nf3 Kb2 61.h4 gxh4 62.Nxh4 Be1 63.Nf5 f3 64.Ne7 f2 65.Ke2 Kc3 66.Nxd5+ 
Kxd4 67.Nf4 Bb4 68.Kxf2 Ke4 69.Ne2 Bc5+ 70.Kg2 Be3 71.Ng3+ Kf4 72.Nf5 Kxg4
1/2-1/2

[Event "POL-chT2"]
[Site "Poronin POL"]
[Date "2016.09.11"]
[Round "9.7"]
[White "Krysztofiak, Marcin"]
[Black "Janaszak, Dawid"]
[Result "1/2-1/2"]
[WhiteElo "2378"]
[BlackElo "2384"]
[EventDate "2016.09.02"]

1.Nf3 g6 2.e4 Bg7 3.d4 d6 4.c3 Nd7 5.Bd3 e5 6.O-O Ngf6 7.Re1 O-O 8.a4 Re8 
9.Na3 d5 10.Bg5 dxe4 11.Rxe4 exd4 12.Rxe8+ Qxe8 13.Nxd4 Ne5 14.Bc2 a6 15.
h3 Bd7 16.Qe2 Nc6 17.Qc4 Rc8 18.Nf3 Ne5 19.Nxe5 Qxe5 20.Bf4 Qe7 21.Rd1 Bc6
22.Bb3 Nd7 23.Bg3 Bf6 24.Nc2 Nb6 25.Qf4 g5 26.Qg4 Bd7 27.Qf3 Bc6 28.Qg4 
Bd7 29.Qf3 Bc6 30.Qg4 Bd7 31.Qf3 Bc6 32.Qf5 Be4 33.Qa5 Nc4 34.Bxc4 Bxc2 
1/2-1/2

[Event "POL-chT2"]
[Site "Poronin POL"]
[Date "2016.09.11"]
[Round "9.8"]
[White "Dudzinski, Piotr"]
[Black "Grabarczyk, Miroslaw"]
[Result "0-1"]
[WhiteElo "2379"]
[BlackElo "2438"]
[EventDate "2016.09.02"]

1.e4 e5 2.Nf3 Nc6 3.Bc4 Bc5 4.c3 Nf6 5.d3 a6 6.O-O Ba7 7.Bb3 d6 8.Nbd2 O-O
9.h3 h6 10.Re1 Re8 11.Nf1 Be6 12.Ng3 d5 13.Qe2 Qd7 14.Nh4 dxe4 15.dxe4 
Bxb3 16.axb3 Bc5 17.Nhf5 Bf8 18.b4 Ne7 19.Nxe7+ Bxe7 20.Qc4 Rad8 21.Be3 
Bf8 22.Rad1 Qxd1 23.Rxd1 Rxd1+ 24.Kh2 c6 25.Qe2 Rd7 26.Bb6 g6 27.Qf3 Re6 
28.Nf1 h5 29.Ne3 Bh6 30.Nc4 Bg5 31.g3 h4 32.Kg2 Kf8 33.Bc5+ Kg7 34.Bb6 
hxg3 35.fxg3 Nh5 36.Qf2 Rd3 37.Be3 Bxe3 38.Nxe3 Red6 39.Nf1 Rd1 40.Qc5 Re6
41.Qe3 Red6 42.Qc5 Rf6 43.Ne3 Rd2+ 44.Kg1 Rf3 45.g4 Nf4 46.Qxe5+ Kh7 47.
Qe7 Nxh3+ 48.Kh1 Rxe3 49.Qxf7+ Kh6 50.Qf8+ Kg5 51.Qe7+ Kf4 52.Qf6+ Kg3 0-1

[Event "POL-chT2"]
[Site "Poronin POL"]
[Date "2016.09.11"]
[Round "9.9"]
[White "Borgula, Rafal"]
[Black "Dudzinski, Pawel"]
[Result "1/2-1/2"]
[WhiteElo "2240"]
[BlackElo "2232"]
[EventDate "2016.09.02"]

1.d4 f5 2.g3 Nf6 3.Bg2 g6 4.c4 Bg7 5.Nc3 d6 6.Nf3 O-O 7.O-O Qe8 8.d5 a5 9.
Nd4 Na6 10.Ndb5 Bd7 11.Re1 c6 12.Nd4 Nc5 13.Rb1 Nfe4 14.Nxe4 fxe4 15.Nb3 
Nxb3 16.Qxb3 cxd5 17.cxd5 Ba4 18.Qxb7 Bc2 19.Ra1 Qf7 20.Be3 Rab8 21.Qc6 
Rfc8 22.Qd7 Bxb2 23.Bh3 Qf6 24.Rac1 Rc4 25.Qa7 Rf8 26.Qxa5 Bd4 27.Bxd4 
Qxd4 28.e3 Qc5 29.Qxc5 Rxc5 30.Bg4 Ra8 31.Bd1 Rxa2 32.Bxc2 Rcxc2 33.Rxc2 
Rxc2 34.Rd1 Kf7 35.Rd4 Rc5 36.Rxe4 Rxd5 37.Kf1 Rd2 38.Ke1 Ra2 39.Rb4 h5 
40.h3 d5 41.e4 dxe4 42.Rxe4 Kf6 43.Kf1 e5 44.Rb4 Kf5 45.Kg2 Ra3 46.Rc4 Rb3
47.Ra4 Rc3 48.Rb4 Ra3 49.Rc4 1/2-1/2

[Event "POL-chT2"]
[Site "Poronin POL"]
[Date "2016.09.11"]
[Round "9.10"]
[White "Szadkowski, Kamil"]
[Black "Robak, Zbigniew"]
[Result "0-1"]
[WhiteElo "2198"]
[BlackElo "2204"]
[EventDate "2016.09.02"]

1.e4 c5 2.c3 Nf6 3.e5 Nd5 4.d4 cxd4 5.Nf3 e6 6.cxd4 d6 7.Bc4 Nb6 8.Bd3 Nc6
9.a3 dxe5 10.dxe5 Nd7 11.Bb5 Qc7 12.Bf4 a6 13.Bxc6 Qxc6 14.O-O b5 15.Nbd2 
Bb7 16.Rc1 Qd5 17.Qe2 Nc5 18.Rc3 Rd8 19.Bg5 Be7 20.Bxe7 Kxe7 21.Rfc1 Nd3 
22.Rc7+ Rd7 23.Rxd7+ Qxd7 24.Rc3 Rd8 25.Qe3 Nxb2 26.Qb6 Na4 0-1

[Event "POL-chT2"]
[Site "Poronin POL"]
[Date "2016.09.11"]
[Round "9.11"]
[White "Konieczynski, Piotr"]
[Black "Michalski, Filip"]
[Result "1/2-1/2"]
[WhiteElo "1950"]
[BlackElo "2151"]
[EventDate "2016.09.02"]

1.d4 Nf6 2.c4 e6 3.Nf3 d5 4.Nc3 c6 5.e3 Nbd7 6.Qc2 Bd6 7.Bd3 O-O 8.O-O 
dxc4 9.Bxc4 b5 10.Be2 Bb7 11.e4 e5 12.dxe5 Nxe5 13.Nxe5 Bxe5 14.Be3 Qe7 
15.a3 Bxc3 16.Qxc3 Nxe4 17.Qa5 Rfe8 18.Bf3 Nd6 19.Qc3 Nc4 20.Bd4 Qg5 21.
Rfd1 Qg6 22.b3 Nb6 23.Qa5 Nd5 24.Bxd5 cxd5 25.Qxb5 Bc6 26.Qa6 Bd7 27.Qxg6 
hxg6 28.Be3 Be6 29.b4 a6 30.h3 Rec8 31.Rac1 Rc4 32.Bc5 Rc8 33.Kf1 a5 34.
Ke2 axb4 35.axb4 Ra8 36.Ra1 Rxa1 37.Rxa1 Rc2+ 38.Ke3 1/2-1/2

[Event "POL-chT2"]
[Site "Poronin POL"]
[Date "2016.09.11"]
[Round "9.12"]
[White "Magnucka, Milena"]
[Black "Weglarz, Joanna"]
[Result "1-0"]
[WhiteElo "1994"]
[BlackElo "1986"]
[EventDate "2016.09.02"]

1.e4 c5 2.Nf3 d6 3.d4 cxd4 4.Nxd4 Nf6 5.Nc3 a6 6.f3 e6 7.Be3 Nbd7 8.Qd2 
Qc7 9.g4 h6 10.O-O-O Ne5 11.h4 Bd7 12.Rg1 b5 13.g5 hxg5 14.hxg5 Nh5 15.f4 
b4 16.Nb1 Nc4 17.Bxc4 Qxc4 18.g6 fxg6 19.Rxg6 Nf6 20.e5 Kf7 21.Rdg1 Nd5 
22.exd6 Rh7 23.Qf2 Nxe3 24.Qxe3 Bxd6 25.Nd2 Qxa2 26.N2b3 Re8 27.Qg3 Rg8 
28.Rxe6 Bxe6 29.Qg6+ Kf8 30.Nxe6+ Ke7 31.Qxh7 1-0

[Event "POL-chT2"]
[Site "Poronin POL"]
[Date "2016.09.11"]
[Round "9.13"]
[White "Kolago, Marcin"]
[Black "Lubczynski, Rafal"]
[Result "1/2-1/2"]
[WhiteElo "2361"]
[BlackElo "2431"]
[EventDate "2016.09.02"]

1.e4 d6 2.Nc3 Nf6 3.f4 Bg4 4.Be2 Bxe2 5.Qxe2 Nc6 6.Nf3 e6 7.O-O g6 8.d4 d5
9.Rd1 Nxe4 10.Nxe4 dxe4 11.Qxe4 Qd5 12.Qxd5 exd5 13.Re1+ Be7 14.c3 f6 15.
f5 Kd7 16.fxg6 hxg6 17.Bf4 Bd6 18.Bxd6 Kxd6 19.Re2 Rae8 20.Rae1 Rxe2 21.
Rxe2 Ne7 22.Ne1 b6 23.Nd3 g5 24.Rf2 Ke6 25.Re2+ Kd6 26.Rf2 Ke6 27.Re2+ Kd6
1/2-1/2

[Event "POL-chT2"]
[Site "Poronin POL"]
[Date "2016.09.11"]
[Round "9.14"]
[White "Chojnacki, Krzysztof"]
[Black "Wiewiora, Eneasz"]
[Result "1-0"]
[WhiteElo "2369"]
[BlackElo "2288"]
[EventDate "2016.09.02"]

1.e4 d6 2.d4 Nf6 3.Nc3 e5 4.dxe5 dxe5 5.Qxd8+ Kxd8 6.Bg5 Be6 7.g3 h6 8.
Bxf6+ gxf6 9.O-O-O+ Kc8 10.Bh3 c6 11.f4 exf4 12.Bxe6+ fxe6 13.gxf4 Bc5 14.
Nge2 Nd7 15.Rd3 Kc7 16.Na4 Bf8 17.Rhd1 Rh7 18.Nd4 Re8 19.f5 exf5 20.exf5 
b5 21.Ne6+ Kc8 22.Nc3 h5 23.Ne4 Bh6+ 24.Kb1 Ree7 25.Rd6 Kb7 26.Rxd7+ Rxd7 
27.Rxd7+ Rxd7 28.N6c5+ Kc7 29.Nxd7 Kxd7 30.Nxf6+ Kd6 31.Nxh5 Ke5 32.Ng3 
Be3 33.c3 Bg1 34.h3 Bf2 35.f6 Bc5 36.Kc2 Bf8 37.f7 Ke6 38.Ne2 c5 39.c4 a6 
40.Kd3 Kxf7 41.Nc3 b4 42.Nd5 Ke6 43.Ke4 a5 44.b3 Bh6 45.Nf4+ Kd6 46.Kf5 a4
47.h4 a3 48.h5 Bg7 49.Nd3 Bh6 50.Kg6 Be3 51.h6 Bd4 52.h7 Ke6 53.Nxc5+ 1-0

[Event "POL-chT2"]
[Site "Poronin POL"]
[Date "2016.09.11"]
[Round "9.15"]
[White "Mulet, Piotr"]
[Black "Musialkiewicz, Jan"]
[Result "1/2-1/2"]
[WhiteElo "2279"]
[BlackElo "2264"]
[EventDate "2016.09.02"]

1.d4 d5 2.Nc3 Nf6 3.Bg5 Nbd7 4.Nf3 h6 5.Bf4 a6 6.e3 e6 7.Be2 Be7 8.Ne5 c5 
9.O-O O-O 10.a4 Nxe5 11.Bxe5 Nd7 12.Bg3 Nb8 13.dxc5 Bxc5 14.Bf3 Nc6 15.Ne2
Qf6 16.c3 Ne5 17.Nd4 Bxd4 18.cxd4 Nxf3+ 19.Qxf3 Qxf3 20.gxf3 Bd7 21.Rfc1 
Rfc8 22.Bc7 Bc6 23.Bb6 Bd7 24.Bc7 Bc6 25.Bb6 Bd7 26.Bc7 Bc6 1/2-1/2

[Event "POL-chT2"]
[Site "Poronin POL"]
[Date "2016.09.11"]
[Round "9.16"]
[White "Musialkiewicz, Pawel"]
[Black "Raszka, Janusz"]
[Result "1-0"]
[WhiteElo "2278"]
[BlackElo "2139"]
[EventDate "2016.09.02"]

1.d4 d5 2.c4 dxc4 3.Nf3 Nf6 4.e3 e6 5.Bxc4 a6 6.O-O c5 7.Bb3 Nc6 8.Nc3 
cxd4 9.exd4 Be7 10.Bg5 O-O 11.Qd2 b5 12.d5 Nxd5 13.Nxd5 exd5 14.Bxd5 Bb7 
15.Rfd1 Bxg5 16.Nxg5 Qe7 17.Re1 Qf6 18.Ne4 Qd8 19.Rad1 Qb6 20.Nd6 Na5 21.
Nxb7 Nxb7 22.Re7 Ra7 23.Qe3 Nc5 24.Rxa7 Qxa7 25.b4 1-0

[Event "POL-chT2"]
[Site "Poronin POL"]
[Date "2016.09.11"]
[Round "9.17"]
[White "Sapeta, Robert"]
[Black "Bardeli, Lukasz"]
[Result "0-1"]
[WhiteElo "2075"]
[BlackElo "2188"]
[EventDate "2016.09.02"]

1.e4 c5 2.Nf3 Nc6 3.Bb5 Nf6 4.e5 Nd5 5.O-O g6 6.Nc3 Nxc3 7.dxc3 Qc7 8.Re1 
Bg7 9.Qd5 b6 10.e6 fxe6 11.Rxe6 Bb7 12.Re1 Ne5 13.Rxe5 Bxd5 14.Rxd5 Rd8 
15.Bg5 Bf6 16.Bh6 Kf7 17.Rad1 d6 18.Bc4 e6 19.Re1 b5 20.Rxc5 Qxc5 21.Bxe6+
Ke7 22.Nd4 Rhe8 23.Re4 d5 24.Re3 Bxd4 25.cxd4 Qxd4 26.Bg4+ Kd6 0-1

[Event "POL-chT2"]
[Site "Poronin POL"]
[Date "2016.09.11"]
[Round "9.18"]
[White "Golek, Jagoda"]
[Black "Mareckova, Martina"]
[Result "1/2-1/2"]
[WhiteElo "2044"]
[BlackElo "2173"]
[EventDate "2016.09.02"]

1.e4 e5 2.Nf3 Nc6 3.d4 exd4 4.Nxd4 Bc5 5.Nxc6 Qf6 6.Qf3 dxc6 7.Bc4 Qxf3 8.
gxf3 Be6 9.Bxe6 fxe6 10.Be3 Be7 11.Rg1 Kf7 12.Nd2 Bd6 13.h4 Nf6 14.Nc4 e5 
15.Rd1 Rhd8 16.c3 h6 17.Ke2 b6 18.Rd3 Nh5 19.b3 Ke6 20.Rg6+ Kf7 21.Rg1 Ke6
22.Rg6+ Kf7 23.Rg1 Ke6 24.Rg6+ Kf7 25.Rg1 1/2-1/2

[Event "POL-chT2"]
[Site "Poronin POL"]
[Date "2016.09.11"]
[Round "9.19"]
[White "Vovk, Yuri"]
[Black "Ponizil, Cyril"]
[Result "1-0"]
[WhiteElo "2596"]
[BlackElo "2521"]
[EventDate "2016.09.02"]

1.d4 Nf6 2.c4 g6 3.Nc3 d5 4.Nf3 Bg7 5.cxd5 Nxd5 6.e4 Nxc3 7.bxc3 c5 8.Be3 
Qa5 9.Qd2 Nc6 10.Rc1 cxd4 11.cxd4 Qxd2+ 12.Kxd2 O-O 13.d5 Rd8 14.Kc2 Ne5 
15.Nxe5 Bxe5 16.a4 e6 17.Bc4 Bd7 18.Kb3 exd5 19.Bxd5 Rac8 20.a5 Be6 21.
Bxe6 fxe6 22.Rxc8 Rxc8 23.Bxa7 Rc3+ 24.Kb4 Rc2 25.Rd1 Rb2+ 26.Ka3 Rb5 27.
Ka4 Rb2 28.Bb6 h5 29.h3 Ra2+ 30.Kb3 Rb2+ 31.Ka3 Kf8 32.Rd7 Rb1 33.Rxb7 Ke8
34.Ka4 Bd4 35.Bxd4 Rxb7 36.a6 Rd7 37.Bb6 Rd1 38.a7 Kd7 39.Ba5 Ra1+ 40.Kb5 
Rb1+ 41.Ka6 1-0

[Event "POL-chT2"]
[Site "Poronin POL"]
[Date "2016.09.11"]
[Round "9.20"]
[White "Piesik, Piotr"]
[Black "Stopa, Jacek"]
[Result "1/2-1/2"]
[WhiteElo "2298"]
[BlackElo "2455"]
[EventDate "2016.09.02"]

1.Nf3 f5 2.g3 Nf6 3.Bg2 g6 4.O-O Bg7 5.d4 O-O 6.c4 d6 7.Nc3 c6 8.d5 e5 9.
dxe6 Bxe6 10.Qd3 Na6 11.Bf4 Re8 12.Ng5 Ng4 13.Rad1 Ne5 14.Bxe5 Bxe5 15.
Nxe6 Rxe6 16.Na4 Qe7 17.e3 Kh8 18.a3 Nc5 19.Nxc5 dxc5 20.Qc2 Rd8 21.Rxd8+ 
Qxd8 22.Rd1 Rd6 23.Rxd6 Qxd6 24.b3 Kg7 25.Bf1 Bf6 26.Qd3 Qxd3 27.Bxd3 Bb2 
28.a4 a5 29.f4 Kf6 30.Kf2 h5 31.Kf3 Bc1 32.h3 Bd2 33.e4 fxe4+ 34.Kxe4 Bc1 
35.Be2 Bd2 36.g4 hxg4 37.Bxg4 g5 38.fxg5+ Kxg5 39.Bc8 b6 40.Ke5 Kh4 41.Kd6
Bb4 42.Kxc6 Kg3 43.Kxb6 Kh4 44.Kc6 Kg5 45.Kd5 Kh4 46.Ke5 Bc3+ 47.Kd5 Bb4 
48.Bd7 Kg5 49.Ke4 Kh4 50.Kf3 Bc3 51.Be6 1/2-1/2

[Event "POL-chT2"]
[Site "Poronin POL"]
[Date "2016.09.11"]
[Round "9.21"]
[White "Kolosowski, Mateusz"]
[Black "Paszewski, Mateusz"]
[Result "1/2-1/2"]
[WhiteElo "2426"]
[BlackElo "2272"]
[EventDate "2016.09.02"]

1.e4 c5 2.c3 Nf6 3.e5 Nd5 4.d4 cxd4 5.Nf3 Nc6 6.Bc4 Nb6 7.Bb3 d5 8.exd6 
Qxd6 9.O-O Be6 10.Na3 dxc3 11.Qe2 Bxb3 12.Nb5 Qb8 13.axb3 e5 14.Bf4 f6 15.
bxc3 Be7 16.Be3 Nc8 17.Nh4 g6 18.Nf5 a6 19.Nxe7 N8xe7 20.Na3 O-O 21.Nc4 
Qe8 22.Bh6 Nd5 23.Bxf8 Kxf8 24.Qf3 Rd8 25.Rad1 e4 26.Qg3 Qe7 27.Rfe1 f5 
28.Nb2 Ke8 29.c4 Ndb4 30.Rxd8+ Kxd8 31.Rd1+ Kc8 32.Na4 Qc7 33.Qc3 Nd3 34.
c5 Nce5 35.Nb6+ Kb8 36.f4 Nc6 37.b4 Qd8 38.b5 Qd4+ 39.Qxd4 Nxd4 40.bxa6 
bxa6 41.Nd5 Kb7 42.Ra1 Kc6 43.Nc3 Nxc5 44.Kf1 Nb5 45.Nd1 Kd5 46.Ra2 Kc4 
47.Ke1 Kb4 48.Ne3 Nd4 49.Kd1 a5 50.Nd5+ Kc4 51.Ne3+ Kb5 52.Kd2 Nc6 53.Kc3 
Na4+ 54.Kb3 Nc5+ 55.Kc3 Na4+ 56.Kb3 Nd4+ 57.Ka3 Nb6 58.Rb2+ Kc5 59.Ka2 Nc4
60.Nxc4 Kxc4 61.Kb1 e3 62.Kc1 Kd3 63.Ra2 Ne2+ 64.Kb2 Nd4 65.Kc1 Ne2+ 66.
Kb2 Nxf4 67.Kc1 Ne2+ 68.Kb2 Nd4 69.Kc1 f4 70.Ra3+ Ke2 71.Ra4 Kd3 72.Ra2 
1/2-1/2

[Event "POL-chT2"]
[Site "Poronin POL"]
[Date "2016.09.11"]
[Round "9.22"]
[White "Tomaszewski, Roman"]
[Black "Cukrowski, Filip"]
[Result "0-1"]
[WhiteElo "2296"]
[BlackElo "2367"]
[EventDate "2016.09.02"]

1.c4 Nf6 2.Nc3 e6 3.e4 d6 4.d3 c5 5.g3 Nc6 6.f4 g6 7.Bg2 Bg7 8.Nge2 O-O 9.
O-O Rb8 10.h3 a6 11.Be3 Qc7 12.a4 Ne8 13.Rb1 Nd4 14.Kh2 Bd7 15.b4 cxb4 16.
Rxb4 Qa5 17.Qb1 Nc2 18.Qxc2 Qxb4 19.Rb1 Qa5 20.Bb6 Qh5 21.Rf1 f5 22.Bf3 
Qh6 23.h4 Bf6 24.Kg2 Qg7 25.Qb3 Rc8 26.Be3 Bc6 27.Qb4 Rf7 28.Qb3 h6 29.Rh1
Kh7 30.g4 fxg4 31.Bxg4 Re7 32.Nd5 exd5 33.Bxc8 dxc4 34.Qxc4 d5 35.Qb4 dxe4
36.d4 Nc7 37.Nc3 Re8 38.Bg4 Rd8 39.Rd1 Bxh4 40.Qc4 Nd5 41.Nxd5 Bxd5 42.Qc5
Be7 43.Qb6 Qf6 44.Qc7 Qd6 45.Rc1 Bc6 46.Qxd6 Bxd6 47.d5 Bxd5 48.Bb6 e3+ 
49.Kh3 Re8 50.Rd1 h5 51.Be2 Be6+ 52.Kg3 Bb8 53.Bxe3 Bf5 54.Kf2 Re4 55.Bd3 
Rxa4 56.Bxf5 gxf5 57.Kf3 Kg6 58.Rg1+ Kf6 59.Rh1 Ra3 60.Ke2 Ke6 61.Rxh5 Bd6
62.Rh6+ Kd5 63.Bd2 Ra2 0-1

[Event "POL-chT2"]
[Site "Poronin POL"]
[Date "2016.09.11"]
[Round "9.23"]
[White "Goluch, Piotr"]
[Black "Szusterowski, Radoslaw"]
[Result "0-1"]
[WhiteElo "2330"]
[BlackElo "2224"]
[EventDate "2016.09.02"]

1.d4 d5 2.Nf3 Nf6 3.c4 c6 4.Nc3 a6 5.c5 g6 6.Bf4 Bg7 7.e3 O-O 8.Be2 Nbd7 
9.h3 Ne4 10.O-O Nxc3 11.bxc3 e5 12.Nxe5 Nxe5 13.dxe5 Qe7 14.Qd4 Re8 15.
Rad1 f6 16.exf6 Bxf6 17.Qb4 a5 18.Qa3 b5 19.Bf3 Bf5 20.Bd6 Qg7 21.Rc1 Be4 
22.Be2 Qb7 23.Qb3 a4 24.Qb4 Qd7 25.Rfd1 Qf7 26.c4 bxc4 27.f3 Bf5 28.e4 Be6
29.Rc2 Bg5 30.Qc3 Bf4 31.Bxf4 Qxf4 32.Rb2 Rab8 33.Rdb1 Rxb2 34.Rxb2 Rb8 
35.Rb6 Rc8 36.Rb7 Bf7 37.Qd4 h5 38.Kf2 h4 39.a3 Qg3+ 40.Kf1 Qf4 41.Kf2 Re8
42.Kg1 Qe5 43.Qxe5 Rxe5 44.Rb4 c3 45.Bd1 dxe4 46.Bxa4 exf3 47.Rb1 Rg5 48.
Bxc6 Rxg2+ 49.Kh1 c2 50.Rc1 Rd2 51.Bxf3 Be8 52.Kg1 Ba4 53.c6 Bxc6 54.Bg4 
Ba4 55.Kf1 Rd1+ 0-1

[Event "POL-chT2"]
[Site "Poronin POL"]
[Date "2016.09.11"]
[Round "9.24"]
[White "Lach, Aleksandra"]
[Black "Jakubowska, Anna"]
[Result "1-0"]
[WhiteElo "2154"]
[BlackElo "2205"]
[EventDate "2016.09.02"]

1.c4 e5 2.g3 Nc6 3.Bg2 g6 4.Nc3 Bg7 5.e3 d6 6.Nge2 h5 7.h4 Bg4 8.Qa4 Qd7 
9.b4 Nge7 10.b5 Nd8 11.O-O O-O 12.Ba3 e4 13.Nf4 Bf3 14.Nxe4 Bxe4 15.Bxe4 
Bxa1 16.Rxa1 c6 17.Qb4 Ne6 18.Qxd6 Qxd6 19.Bxd6 Nxf4 20.gxf4 Rfe8 21.bxc6 
Nxc6 22.Bxc6 bxc6 23.c5 f5 24.Rb1 Kf7 25.f3 Ke6 26.e4 a5 27.a4 Rad8 28.Kf2
Rd7 29.Ke3 Ra7 30.d4 Kd7 31.Bb8 Ra8 32.Be5 Ra7 33.Rb6 Rc8 34.Bb8 Ra8 35.
Rb7+ Ke6 36.Bd6 Re8 37.Rg7 Kf6 38.Rc7 fxe4 39.fxe4 Rab8 40.Be5+ 1-0

[Event "POL-chT2"]
[Site "Poronin POL"]
[Date "2016.09.11"]
[Round "9.25"]
[White "Urban, Klaudiusz"]
[Black "Szymanski, Piotr"]
[Result "1/2-1/2"]
[WhiteElo "2418"]
[BlackElo "2260"]
[EventDate "2016.09.02"]

1.d4 Nf6 2.c4 e6 3.Nc3 d5 4.Bg5 Be7 5.e3 O-O 6.Rc1 Nbd7 7.Nf3 b6 8.cxd5 
exd5 9.Be2 Bb7 10.O-O c5 11.dxc5 bxc5 12.Qb3 Qb6 13.Rfd1 Rac8 14.Ne1 Rfd8 
15.h3 h6 16.Bf4 c4 17.Qb5 Nc5 18.Nc2 Nce4 19.Nd4 Nxc3 20.Rxc3 Ne4 21.Rc2 
Bf6 22.Qxb6 axb6 23.Bg4 Rc5 24.Rdc1 Bxd4 25.exd4 Rc6 26.Bf3 b5 27.a4 bxa4 
28.Bxe4 dxe4 29.Rxc4 Ra6 30.Rb4 Bd5 31.Rc5 Bb3 32.Rb8 Rxb8 33.Bxb8 Rb6 34.
Bf4 Ba2 35.Ra5 Rxb2 36.Rxa4 Be6 37.Ra5 Rb1+ 38.Kh2 Rd1 39.Be3 f6 40.h4 g5 
41.Ra7 Bf7 42.hxg5 hxg5 43.Re7 f5 44.Re5 Bg6 45.d5 Bf7 46.Rxf5 Rxd5 47.Rf6
Kf8 48.Kg3 Ke7 49.Rb6 Be6 50.Rb4 Re5 51.Bd4 Rd5 52.Be3 Re5 53.Rb7+ Bd7 54.
Rb8 Kf7 55.Rh8 Kg6 56.Rd8 Be6 57.Rd6 Kf7 58.Rb6 Bd7 59.Rb7 Rd5 60.Ra7 Kg6 
61.Ra6+ Kf7 62.Rb6 Be6 63.Kh2 Kf6 64.Rb4 Bf5 65.Rb6+ Be6 66.Rb4 Bf5 67.Rb8
Be6 68.Kg3 Bf5 69.Rg8 Be6 70.Rf8+ Kg7 71.Ra8 Kf6 72.Ra4 Bf5 73.Kh2 Rb5 74.
Bd4+ Kf7 75.Ra7+ Kg6 76.Rg7+ Kh6 77.Rg8 Rd5 78.Be3 Bd7 79.Rd8 Kg6 80.Kg3 
Kf5 81.Ra8 Kg6 82.Kh2 Kf5 83.Ra1 Kg6 84.Ra2 Kf5 85.Bd2 Kg6 86.Kg1 Kf5 87.
Rb2 Kg6 88.Kf1 Bb5+ 89.Ke1 Bd3 90.Rb6+ Kf5 91.Bc3 Rb5 92.Rf6+ Kg4 93.Kd2 
Rf5 94.Rxf5 Kxf5 95.Ke3 1/2-1/2

[Event "POL-chT2"]
[Site "Poronin POL"]
[Date "2016.09.11"]
[Round "9.26"]
[White "Krzywda, Andrzej"]
[Black "Przybylski, Wojciech"]
[Result "1/2-1/2"]
[WhiteElo "2148"]
[BlackElo "2337"]
[EventDate "2016.09.02"]

1.e4 c5 2.Nf3 e6 3.d4 cxd4 4.Nxd4 Nc6 5.Nc3 Qc7 6.Be2 Nf6 7.O-O a6 8.Kh1 
Be7 9.f4 d6 10.Be3 O-O 11.Qe1 Nxd4 12.Bxd4 b5 13.a3 Bb7 14.Qg3 Rad8 15.
Rae1 Rd7 16.Bd3 Re8 17.e5 dxe5 18.Bxe5 Qd8 19.Ne4 Nh5 20.Qg4 g6 21.f5 exf5
22.Rxf5 Ng7 23.Bxg7 Kxg7 24.Ref1 Bd5 25.Ng5 Bxg5 26.Rxg5 Be6 27.Qg3 Rd5 
28.Rxd5 Bxd5 29.Qf4 Qe7 30.Qd4+ Qe5 31.Qxe5+ Rxe5 32.Kg1 f5 33.Rf4 Kf6 34.
a4 Bc6 35.axb5 axb5 36.Kf2 Ke7 37.Rd4 h6 38.g3 g5 39.b3 Bd7 40.c3 Rc5 41.
c4 b4 42.Be2 Be6 43.Ke3 Ra5 44.c5 Rxc5 45.Rxb4 Rc3+ 46.Kd4 Rc2 47.Bd3 Rd2 
48.Rb6 Bd7 49.Rb7 Kd6 50.Ke3 Rxh2 51.Ra7 Rg2 52.Ra6+ Kc7 53.Kf3 Rd2 54.
Ra7+ Kd8 55.Bc4 h5 56.Ke3 Rg2 57.Kd4 Rxg3 58.Ke5 h4 59.Kd6 Bc8 60.Rg7 Re3 
61.Rxg5 f4 62.Bd5 Rg3 63.Rh5 Rg6+ 64.Ke5 h3 65.Kxf4 Kc7 66.Ke5 Rg1 67.Rh6 
Re1+ 68.Kd4 Rd1+ 69.Kc5 Rc1+ 70.Bc4 Rc2 71.Rh7+ Bd7 72.Kd4 Kd6 73.Rh6+ Ke7
74.Rh7+ Kd6 75.Rh6+ Kc7 76.Rh7 h2 77.Bd5 Kd6 78.Rh6+ Ke7 79.Rh7+ Kd8 80.
Rh8+ Ke7 81.Rh7+ Kf6 82.Rxd7 h1=Q 83.Rf7+ Kg6 84.Bxh1 Kxf7 85.Bd5+ Ke7 86.
Bc4 Kd6 87.Bd3 Rh2 88.Kc3 Rh3 89.Kd4 Kc6 90.Bc4 Kb6 91.Kd5 Rh5+ 92.Kd4 Ka5
93.Ke4 Kb4 94.Kd4 Rh4+ 95.Kd5 Kc3 96.Ke5 Rd4 97.Ke6 Rf4 98.Ke5 Rh4 99.Kd5 
Rh5+ 100.Ke4 Rh4+ 101.Kd5 Rh5+ 102.Ke4 Ra5 103.Bd5 Ra1 104.Bc4 Re1+ 105.
Kd5 Re8 106.Kd6 Kd4 107.Be6 Rh8 108.Bc4 Rh6+ 109.Be6 Rh5 110.Bc4 Rc5 111.
Ke6 Rc6+ 112.Kf5 Rh6 113.Kg5 Rh1 114.Kf5 Re1 115.Kf6 Re5 116.Be6 Rc5 117.
Bc4 Rc6+ 118.Kf5 Rb6 119.Be6 Rb5+ 120.Kf6 Ke4 121.Bc4 Rb6+ 122.Be6 Ra6 
123.Kf7 Ke5 124.Bc4 Rb6 125.Kg7 Kf5 126.Bd3+ Kg5 127.Bc4 Rb7+ 128.Kf8 Kf6 
129.Ke8 Ke5 130.Kd8 Ra7 131.Ke8 Kd6 132.Kf8 Re7 133.Bf7 Rc7 134.Bc4 Ke5 
135.Ke8 Kf6 1/2-1/2

[Event "POL-chT2"]
[Site "Poronin POL"]
[Date "2016.09.11"]
[Round "9.27"]
[White "Kaczmarek, Aleksander"]
[Black "Zgadzaj, Rafal"]
[Result "1/2-1/2"]
[WhiteElo "2332"]
[BlackElo "2142"]
[EventDate "2016.09.02"]

1.e4 d6 2.d4 g6 3.Bd3 Bg7 4.c3 e5 5.f4 Nc6 6.fxe5 dxe5 7.d5 Nce7 8.c4 Nf6 
9.Nf3 Nh5 10.Nc3 O-O 11.Be3 f5 12.Qb3 Nf4 13.Bxf4 fxe4 14.Bxe4 exf4 15.O-O
Nf5 16.Bxf5 Bxf5 17.Rad1 Qd6 18.Kh1 Qb6 19.Qa3 a5 20.d6 cxd6 21.Nb5 Rad8 
22.Nfd4 Bg4 23.Rd2 Qc5 24.h3 Qxc4 25.Re1 f3 26.Nxd6 fxg2+ 27.Rxg2 Rf1+ 28.
Kh2 Rxd6 29.Qxd6 Rxe1 30.Qd8+ Bf8 31.hxg4 Qf7 32.Nf5 Re8 33.Qg5 Kh8 34.Ng3
Bd6 35.Qd2 Qf6 36.Kh3 Kg7 37.Rf2 Qe5 38.Rf3 Re7 39.Qc2 Rf7 40.Rxf7+ Kxf7 
41.Ne4 Bc7 42.b3 h6 43.Qc4+ Kg7 44.Kg2 h5 45.gxh5 gxh5 46.Kf1 b5 47.Qc6 h4
48.Nf2 Bd8 49.Qd7+ Be7 50.Qg4+ Kf7 51.Qf3+ Kg7 52.Qg4+ Kh7 53.Qd7 Kg8 54.
Qg4+ Kf7 55.Qf3+ Bf6 56.Qd3 b4 57.Qh7+ Ke6 58.Qg8+ Ke7 59.Qh7+ Kd8 60.Qg8+
Kc7 61.Qc4+ Kb6 62.Ng4 Qf5+ 63.Kg2 Be7 64.Nf2 Bc5 65.Qxh4 Qc2 66.Qf4 Ka6 
67.Kf1 Qb1+ 68.Kg2 Qc2 69.Kf1 Qxa2 70.Qc4+ Kb6 71.Qe6+ Kc7 72.Qf7+ Kc6 73.
Qe6+ Bd6 74.Qc4+ Kb6 75.Qd4+ Kc7 76.Qc4+ Kd7 77.Qb5+ Kd8 78.Qg5+ Kc7 79.
Qc1+ Kd7 80.Qd1 Kc7 81.Ne4 Qh2 82.Qd5 Qh1+ 83.Kf2 Qh4+ 84.Kf1 Qf4+ 85.Ke2 
Qh2+ 86.Kf1 Qe5 87.Qd3 Be7 88.Ke2 Kb6 89.Qe3+ Bc5 90.Qd3 Qh2+ 91.Kd1 Qg1+ 
92.Kc2 Qg2+ 93.Nd2 Kc7 94.Qh7+ Kc6 95.Qf7 Bd6 96.Qc4+ Kb6 97.Qd4+ Kc6 98.
Qc4+ Kd7 99.Qf7+ Kd8 100.Qf6+ Kc7 101.Qf7+ Kb6 102.Qe6 Kc7 1/2-1/2